| 000 | 00986cam a22002535a 4500 | ||
|---|---|---|---|
| 005 | 20091103014612.0 | ||
| 008 | 090911s2009 ii ab b 100 0 eng d | ||
| 010 | _aENG-95352 | ||
| 020 |
_a9788131306680 _c595.00 |
||
| 035 | _aEN-78885 | ||
| 037 | _aDBAD/PUB | ||
| 040 |
_aDPL _beng |
||
| 082 | _a370.113 | ||
| 100 | _aSharma, Deepak | ||
| 245 |
_aHuman resource development in schools _cby Deepak Sharma |
||
| 260 |
_aNew Delhi : _bAPH Publishing Corporation _c2009 |
||
| 270 |
_a4435-36/7. Ansari road, Darya Ganj _bNew Delhi _e110002 |
||
| 300 |
_a226p. _c22 cm. (Hb) |
||
| 500 | _aIncludes bibliographical references. | ||
| 520 | _aContributed articles. | ||
| 942 |
_2ddc _cEN _mSHA _h370.113 |
||
| 999 |
_c31445 _d31445 |
||